000 00630nam a2200181Ia 4500
008 090124s9999 xx 000 0 und d
082 _b22950
100 _aबनहट्टी राजेंद्र
245 _a मरणानंतरचे मरण
250 _a1
260 _bविश्वमोहिनी प्रकाशन
_c1985
300 _a100
600 _aबनहट्टी राजेंद्र
630 _a मरणानंतरचे मरण
700 _aबनहट्टी राजेंद्र
730 _a मरणानंतरचे मरण
942 _cBOOK
999 _c92003
_d92003